| 000 | 01037nam a2200229Ia 4500 | ||
|---|---|---|---|
| 001 | 17047 | ||
| 005 | 20260401121649.0 | ||
| 008 | 260306t2016||||xx |||||||||||||| ||und|| | ||
| 041 | _aESP | ||
| 082 |
_a657.42 _bZ32 T. 2 |
||
| 100 |
_aZans, Walter _eAUT |
||
| 245 | 0 | _aContabilidad de costos II | |
| 260 | _c2016 | ||
| 300 |
_a000 páginas : _c00 cm. |
||
| 650 | _aGEN | ||
| 654 | _aCCO | ||
| 856 |
_uhttps://itmsp.museknowledge.com/UCSP?url=https://www.ebooks7-24.com:443/?il=11137&pg=1 _zVéase además: Contabilidad de costos II: costos por procesos, costos conjuntos y costos estándar, por Fernando Villarreal Vásquez. Versión digital |
||
| 856 |
_uhttps://0u213uxcz-y-https-ebooks7--24-com.itmsp.museknowledge.com/biblioteca.aspx _zVéase además: Base de datos Ebook7-24 |
||
| 856 |
_uhttps://www.legismovil.pe/lnp.asp _zVéase además: Base de datos LegisMóvil |
||
| 856 |
_uhttps://0u23guxd5-y-https-contadores360-pe.itmsp.museknowledge.com/ _zVéase además: Base de datos Contadores 360 |
||
| 942 |
_cLIB _dJUS _fJUS _2ddc |
||
| 999 |
_c17047 _d17047 |
||